| Поле | Инд. | ПП | Название | Значение |
|---|---|---|---|---|
| Тип записи | a | |||
| Библиографический уровень | b | |||
| 001 | Контрольный номер | RU/IS/BASE/482940602 | ||
| 005 | Дата корректировки | 20200522191728.5 | ||
| 008 | Кодируемые данные | 20150421 | ||
| 040 | b | Код языка каталог. | rus | |
| e | Правила каталог. | PSBO | ||
| 041 | 0_ | a | Код языка текста | rus |
| 084 | a | Индекс другой классификации/Индекс ББК | 65.291.31 | |
| 100 | 1_ | a | Автор | Осовцев В. |
| 100 | 1_ | a | Автор | Рыков М. |
| 245 | 10 | a | Заглавие | Содержание и формы методического инструментария стратегического маркетинга в нестабильных условиях окружающей среды |
| 504 | a | Библиография | Библиогр. | |
| 520 | a | Аннотация | Рассмотрены методические подходы разработки маркетинговой стратегии в нестабильных условиях окружающей среды. | |
| 650 | 14 | a | Основная рубрика | маркетинг |
| a | Основная рубрика | экономика | ||
| a | Основная рубрика | экономика предприятия | ||
| 653 | 1_ | a | Ключевые слова | конкурентоспособность предприятия |
| a | Ключевые слова | логистическое управление (логистический менеджмент) | ||
| a | Ключевые слова | маркетинговая концепция | ||
| a | Ключевые слова | маркетинговое планирование | ||
| a | Ключевые слова | маркетинговые исследования | ||
| a | Ключевые слова | методология планирования | ||
| a | Ключевые слова | Россия | ||
| a | Ключевые слова | социогенетический способ прогнозирования | ||
| a | Ключевые слова | стратегический анализ | ||
| a | Ключевые слова | стратегический маркетинг | ||
| a | Ключевые слова | стратегическое планирование | ||
| a | Ключевые слова | стратегия предприятия | ||
| a | Ключевые слова | теория предвидения | ||
| a | Ключевые слова | управление товарными потоками | ||
| 773 | 08 | t | Заглавие источника | РИСК: ресурсы, информация, снабжение, конкуренция |
| d | Дата издания источника | 2013 | ||
| g | Прочая информация | № 3. - С. 53 - 58 : табл. | ||
| w | Контрольный № источника | RU/IS/BASE/439917319 | ||
| 901 | t | Тип документа | b |